[Event "Hvar op"]
[Site "Hvar"]
[Date "2023.10.19"]
[Round "7"]
[White "Bratosevic, Mladen"]
[Black "Bratovic, Blaz"]
[Result "0-1"]
[WhiteElo "1981"]
[BlackElo "2352"]
[PlyCount "106"]
[EventDate "2023.10.15"]
[EventType "swiss"]
[EventRounds "9"]
[EventCountry "CRO"]
[SourceTitle "Mega2024 Update 01"]
[Source "Chessbase"]
[SourceDate "2023.11.12"]
[SourceVersion "1"]
[SourceVersionDate "2023.11.12"]
[SourceQuality "1"]

1. d4 Nf6 2. c4 e6 3. Nf3 d5 4. Nc3 Nbd7 5. Bg5 h6 6. Bh4 Bb4 7. Qb3 c5 8. e3 0-0 9. Be2 dxc4 10. Bxc4 Qa5 11. Bxf6 Nxf6 12. 0-0 cxd4 13. exd4 a6 14. Ne5 Bd6 15. Rfe1 b5 16. Bd3 Bb7 17. a3 Qd8 18. Rad1 Rc8 19. Bf1 Nd5 20. Ne4 Be7 21. g3 Qc7 22. Nc5 Bxc5 23. Rc1 Qa5 24. dxc5 Rxc5 25. Rcd1 Rc7 26. Bh3 Qb6 27. Rd2 Nf6 28. Bg2 Bxg2 29. Kxg2 Qb7+ 30. Kg1 Rfc8 31. Red1 Qe4 32. Nf3 Rc1 33. Kg2 Rxd1 34. Qxd1 Nd5 35. Re2 Qg4 36. Qd4 Qxd4 37. Nxd4 Kf8 38. Kf3 h5 39. Ke4 Nb6 40. Kd3 Ke7 41. Nf5+ Kf6 42. Ne3 g5 43. f3 Nc4 44. Nxc4 Rxc4 45. b3 Rc1 46. Re4 Rf1 47. Ke2 Ra1 48. h4 Rxa3 49. hxg5+ Kxg5 50. b4 Ra2+ 51. Ke3 Ra3+ 52. Ke2 Rb3 53. Re5+ Kf6 0-1

[Event "Hvar op"]
[Site "Hvar"]
[Date "2023.10.18"]
[Round "6"]
[White "Bratovic, Blaz"]
[Black "Mencinger, Vojko"]
[Result "1/2-1/2"]
[WhiteElo "2352"]
[BlackElo "2308"]
[PlyCount "21"]
[EventDate "2023.10.15"]
[EventType "swiss"]
[EventRounds "9"]
[EventCountry "CRO"]
[SourceTitle "Mega2024 Update 01"]
[Source "Chessbase"]
[SourceDate "2023.11.12"]
[SourceVersion "1"]
[SourceVersionDate "2023.11.12"]
[SourceQuality "1"]

1. Nf3 d5 2. d4 Nf6 3. c4 c6 4. cxd5 cxd5 5. Nc3 Nc6 6. Bf4 Bf5 7. e3 e6 8. Bd3 Bxd3 9. Qxd3 Bd6 10. Bxd6 Qxd6 11. Nb1 1/2-1/2

[Event "Hvar op"]
[Site "Hvar"]
[Date "2023.10.16"]
[Round "3"]
[White "Saatdjian, Stephane"]
[Black "Bratovic, Blaz"]
[Result "1/2-1/2"]
[WhiteElo "2133"]
[BlackElo "2352"]
[PlyCount "39"]
[EventDate "2023.10.15"]
[EventType "swiss"]
[EventRounds "9"]
[EventCountry "CRO"]
[SourceTitle "Mega2024 Update 01"]
[Source "Chessbase"]
[SourceDate "2023.11.12"]
[SourceVersion "1"]
[SourceVersionDate "2023.11.12"]
[SourceQuality "1"]

1. e4 c5 2. Nf3 Nc6 3. Bb5 e6 4. Bxc6 bxc6 5. 0-0 Ne7 6. b3 Ng6 7. Bb2 f6 8. e5 fxe5 9. Nxe5 Nxe5 10. Bxe5 d6 11. Bb2 Qg5 12. f4 Qf5 13. d4 cxd4 14. Qxd4 Bd7 15. Nd2 c5 16. Qe4 Qxe4 17. Nxe4 Rc8 18. Rfe1 h6 19. Rad1 Rc6 20. c4 1/2-1/2

[Event "Pula op 35th"]
[Site "Pula"]
[Date "2023.06.25"]
[Round "9"]
[White "Bochnicka, Vladimir1111"]
[Black "Bratovic, Blaz"]
[Result "0-1"]
[WhiteElo "2327"]
[BlackElo "2326"]
[PlyCount "74"]
[EventDate "2023.06.17"]
[EventType "swiss"]
[EventRounds "9"]
[EventCountry "CRO"]
[SourceTitle "CBM 214 Extra"]
[Source "ChessBase"]
[SourceDate "2023.07.31"]
[SourceVersion "1"]
[SourceVersionDate "2023.07.31"]
[SourceQuality "1"]

1. e4 c5 2. Nf3 d6 3. d4 cxd4 4. Nxd4 Nf6 5. Nc3 a6 6. f3 e5 7. Nb3 Be6 8. Be3 h5 9. Nd5 Bxd5 10. exd5 Nbd7 11. Qd2 g6 12. Be2 Bg7 13. 0-0 b6 14. a4 a5 15. Nc1 0-0 16. Na2 Nc5 17. Nc3 h4 18. Nb5 Nh5 19. Rfb1 f5 20. Ra3 Rf7 21. c3 h3 22. g3 f4 23. Bxc5 bxc5 24. g4 e4 25. Kh1 Ng3+ 26. Kg1 Be5 27. c4 Qh4 28. Bd1 Re8 29. Qf2 e3 30. Qe1 e2 31. Bc2 Qf6 32. Rd3 Nf5 33. Kh1 Nd4 34. Qd2 Qh4 35. Nc3 Qf2 36. Rg1 Nxf3 37. Qxe2 Qxg1# 0-1

[Event "Belgrade Summer GM 4th"]
[Site "Belgrade"]
[Date "2022.07.28"]
[Round "6"]
[White "Alexakis, Dimitris"]
[Black "Bratovic, Blaz"]
[Result "0-1"]
[WhiteElo "2484"]
[BlackElo "2393"]
[PlyCount "68"]
[EventDate "2022.07.24"]
[EventType "schev"]
[EventRounds "9"]
[EventCountry "SRB"]
[SourceTitle "CBM 209 Extra"]
[Source "ChessBase"]
[SourceDate "2022.09.30"]
[SourceVersion "1"]
[SourceVersionDate "2022.09.30"]
[SourceQuality "1"]
[WhiteTeam "Team C"]
[BlackTeam "Team B"]
[WhiteTeamCountry "SRB"]
[BlackTeamCountry "SRB"]

1. e4 e6 2. d4 d5 3. Nc3 Nf6 4. e5 Nfd7 5. f4 c5 6. Nf3 Nc6 7. Be3 Be7 8. Qd2 0-0 9. a3 b6 10. Be2 f5 11. 0-0-0 c4 12. Bxc4 dxc4 13. d5 Na5 14. d6 Bh4 15. g3 Bb7 16. Nd4 Nc5 17. gxh4 Bxh1 18. Rxh1 Qxh4 19. Rg1 Qd8 20. Qg2 Qd7 21. h4 Rac8 22. Nd5 exd5 23. e6 Nxe6 24. Nxe6 Rf7 25. Qxd5 Qc6 26. Qe5 Qd7 27. Bd4 Nc6 28. Nxg7 Nxe5 29. Nxf5+ Ng6 30. Nh6+ Kf8 31. Bc3 Qxd6 32. Bb4 Rc5 33. Nxf7 Kxf7 34. h5 Nxf4 0-1

[Event "Split op 9th"]
[Site "Split"]
[Date "2019.08.06"]
[Round "4"]
[White "Bratovic, Blaz"]
[Black "Bozanic, Ivica"]
[Result "1/2-1/2"]
[WhiteElo "2362"]
[BlackElo "2169"]
[PlyCount "57"]
[EventDate "2019.08.03"]
[EventType "swiss"]
[EventRounds "9"]
[EventCountry "CRO"]
[SourceTitle "CBM 191 Extra"]
[Source "ChessBase"]
[SourceDate "2019.09.30"]
[SourceVersion "1"]
[SourceVersionDate "2019.09.30"]
[SourceQuality "1"]

1. e4 d6 2. d4 Nf6 3. Nc3 e5 4. Nf3 Nc6 5. dxe5 Nxe5 6. Nxe5 dxe5 7. Qxd8+ Kxd8 8. Bc4 Be6 9. Bxe6 fxe6 10. f3 a6 11. Be3 Bb4 12. 0-0-0+ Ke7 13. Nb1 h6 14. c3 Bd6 15. Nd2 b5 16. Nb3 a5 17. Nc5 Nd7 18. Nxd7 Kxd7 19. Rd3 Kc6 20. Kb1 Rhd8 21. c4 b4 22. Rhd1 Be7 23. Rxd8 Rxd8 24. Rxd8 Bxd8 25. Kc2 a4 26. b3 a3 27. g3 h5 28. Kd3 Be7 29. Bd2 1/2-1/2

[Event "Split op 9th"]
[Site "Split"]
[Date "2019.08.04"]
[Round "2"]
[White "Bratovic, Blaz"]
[Black "Lucovnik, Tilen"]
[Result "1/2-1/2"]
[WhiteElo "2362"]
[BlackElo "2091"]
[PlyCount "53"]
[EventDate "2019.08.03"]
[EventType "swiss"]
[EventRounds "9"]
[EventCountry "CRO"]
[SourceTitle "CBM 191 Extra"]
[Source "ChessBase"]
[SourceDate "2019.09.30"]
[SourceVersion "1"]
[SourceVersionDate "2019.09.30"]
[SourceQuality "1"]

1. d4 d5 2. c4 dxc4 3. Nf3 Nf6 4. e3 e6 5. Bxc4 c5 6. 0-0 a6 7. dxc5 Qxd1 8. Rxd1 Bxc5 9. Nbd2 Nbd7 10. Be2 0-0 11. Nc4 b6 12. a3 Bb7 13. b4 Be7 14. Bb2 Rfd8 15. Nd4 Rac8 16. Rac1 Nd5 17. Bf3 Ba8 18. Nf5 exf5 19. Bxd5 Bxd5 20. Rxd5 b5 21. Nd2 Rxc1+ 22. Bxc1 Nb6 23. Rxd8+ Bxd8 24. Kf1 Bf6 25. Ke2 Kf8 26. Nb3 Nd7 27. f4 1/2-1/2

[Event "Split op 9th"]
[Site "Split"]
[Date "2019.08.03"]
[Round "1"]
[White "Juric Cvitanovic, Alen"]
[Black "Bratovic, Blaz"]
[Result "0-1"]
[WhiteElo "1907"]
[BlackElo "2362"]
[PlyCount "54"]
[EventDate "2019.08.03"]
[EventType "swiss"]
[EventRounds "9"]
[EventCountry "CRO"]
[SourceTitle "CBM 191 Extra"]
[Source "ChessBase"]
[SourceDate "2019.09.30"]
[SourceVersion "1"]
[SourceVersionDate "2019.09.30"]
[SourceQuality "1"]

1. e4 c5 2. Nf3 Nc6 3. Bb5 Nf6 4. e5 Nd5 5. Nc3 Nc7 6. Bxc6 dxc6 7. h3 g6 8. 0-0 Bg7 9. a4 b6 10. d3 0-0 11. Re1 Nd5 12. Ne4 f5 13. exf6 exf6 14. a5 Bd7 15. c3 Kh8 16. Qb3 Qc7 17. d4 cxd4 18. Nxd4 Rae8 19. axb6 axb6 20. Bd2 Nf4 21. Ng3 Nd3 22. Rxe8 Rxe8 23. Qf7 Ne5 24. Qb3 c5 25. Nb5 Qc6 26. Na7 Qb7 27. Nb5 Bxh3 0-1